Fußball Top 10 #5 (Rekordspieler von ManU, die nach 1975 geb. wurden) - Statistiken

Allgemein
  • Dieses Quiz wurde 87 mal gespielt
    77 seit der letzten Aktualisierung
  • Das Durchschnittsergebnis liegt bei 4 aus 10
Antwortstatistiken
Platz Einsätze für ManU Spieler % Korrekt
2 559 Wayne Rooney
90%
5 455 Rio Ferdinand
72%
3 545 David de Gea
59%
6 418 Marcus Rashford
48%
1 598 Gary Neville
41%
10 384 Phil Neville
41%
8 390 David Beckham
39%
4 464 Michael Carrick
33%
7 394 John O’Shea
15%
9 385 Nicky Butt
7%
Keine übereinstimmenden Quizze gefunden
Verteilung der Resultate
Anzahl Personen mit jedem Resultat
Perzentil nach korrekt beantworteten Fragen
Ihre Resultats-Entwicklung
Sie haben dieses Quiz seit der letzten Aktualisierung nicht gespielt